Rendido coloquio de México y la Habana (Record no. 4295)

MARC details
000 -CABECERA
campo de control de longitud fija 01032nam a2200253 a 4500
001 - NÚMERO DE CONTROL
campo de control BRCA_4590
005 - FECHA Y HORA DE LA ÚLTIMA TRANSACCIÓN
campo de control 20190320204728.0
008 - DATOS DE LONGITUD FIJA--INFORMACIÓN GENERAL
campo de control de longitud fija 240910s1944----mx-#######---#000-0#spa-#
041 ## - CÓDIGO DE LENGUA
Código de lengua del texto/banda sonora o título independiente spa
044 ## - CÓDIGO DEL PAÍS DE LA ENTIDAD EDITORA/PRODUCTORA
Código MARC del país mx
050 #4 - SIGNATURA TOPOGRÁFICA DE LA BIBLIOTECA DEL CONGRESO
Número de clasificación F1231
Número de documento/Ítem .R63 1944
100 1# - ENTRADA PRINCIPAL--NOMBRE DE PERSONA
Nombre de persona Rodríguez Manzo, Joseph Antonio
9 (RLIN) 11614
245 10 - MENCIÓN DE TÍTULO
Título Rendido coloquio de México y la Habana
Mención de responsabilidad, etc. Joseph Antonio Rodríguez Manzo.
260 ## - PUBLICACIÓN, DISTRIBUCIÓN, ETC.
Lugar de publicación, distribución, etc. México
Nombre del editor, distribuidor, etc. Biblioteca Aportación Histórica Vargas Rea
Fecha de publicación, distribución, etc. 1944
300 ## - DESCRIPCIÓN FÍSICA
Extensión 1 v. (sin paginación)
Otras características físicas il.
Dimensiones 23 cm.
500 ## - NOTA GENERAL
Nota general Facsímil de: Rendido coloquio entre la muy ilustre ciudad de la Habana y la nobilissima de Mexico, en amorosos afectos al Excmò. Sr. Virrey de esta Nueva España, 1771
500 ## - NOTA GENERAL
Nota general Rarísimo impreso, hecho en la Ciudad de México dedicado al Virrey de Bucareli
500 ## - NOTA GENERAL
Nota general Ejemplar numerado 30 de 100
500 ## - NOTA GENERAL
Nota general D25
600 14 - PUNTO DE ACCESO ADICIONAL DE MATERIA--NOMBRE DE PERSONA
Nombre de persona Bucareli y Urzúa, Antonio María de
Títulos y otros términos asociados al nombre Virrey
Fechas asociadas al nombre 1717-1779
Subdivisión geográfica México
9 (RLIN) 11615
651 #4 - PUNTO DE ACCESO ADICIONAL DE MATERIA--NOMBRE GEOGRÁFICO
Nombre geográfico México
Subdivisión general Historia
Subdivisión cronológica 1540-1810
9 (RLIN) 11616
902 ## - CATALOGADOR
Iniciales GFM
942 ## - ELEMENTOS DE PUNTO DE ACCESO ADICIONAL (KOHA)
Fuente del sistema de clasificación o colocación Library of Congress Classification
Tipo de ítem Koha Libros
Holdings
Estado de retiro Estado de pérdida Estado dañado No para préstamo Localización permanente Ubicación/localización actual Fecha de adquisición Número de inventario Total de préstamos Signatura topográfica completa Código de barras Fecha visto por última vez Precio válido a partir de Tipo de ítem Koha
El ejemplar forma parte de la colección y puede ser consultado según las políticas vigentes.       Biblioteca del Museo Franz Mayer (Rogerio Casas-Alatriste) Biblioteca del Museo Franz Mayer (Rogerio Casas-Alatriste) 24/09/2010 D25   F1231 .R63 1944 (D25) 4588 22/03/2019 22/03/2019 Libros